Índice de publicaciones diarias y periódicas españolas / (Registro nro. 63047)

Detalles MARC
000 -LEADER
campo de control de longitud fija 00794nam a2200205 i 4500
001 - NÚMERO DE CONTROL
campo de control 63047
003 - IDENTIFICADOR DE NÚMERO DE CONTROL
campo de control ES-MaACL
005 - FECHA Y HORA DE LA ÚLTIMA TRANSACCIÓN
campo de control 20230906164757.0
007 - CAMPO FIJO DE DESCRIPCIÓN FÍSICA--INFORMACIÓN GENERAL
campo de control de longitud fija t|
008 - DATOS DE LONGITUD FIJA--INFORMACIÓN GENERAL
campo de control de longitud fija 031128q1949 sp c |||| | spa d
110 2# - ENTRADA PRINCIPAL--NOMBRE DE ENTIDAD CORPORATIVA
Nombre de entidad corporativa o nombre de jurisdicción como elemento de entrada Hemeroteca Nacional (
Sede del congreso/Lugar de la reunión España)
9 (RLIN) 4563
245 10 - MENCIÓN DEL TÍTULO
Título Índice de publicaciones diarias y periódicas españolas /
Mención de responsabilidad, etc. dirección técnica y prólogo de Ramón Fernández Pousa.
260 ## - PUBLICACIÓN, DISTRIBUCIÓN, ETC.
Lugar de publicación, distribución, etc. Madrid :
Nombre del editor, distribuidor, etc. [Subsecretaría de Educación Popular. Hemeroteca Nacional,
Fecha de publicación, distribución, etc. 1949?] (
Fabricante Pablo López)
300 ## - DESCRIPCIÓN FÍSICA
Extensión 110 p. ;
Dimensiones 21 cm.
610 24 - PUNTO DE ACCESO ADICIONAL DE MATERIA--NOMBRE DE ENTIDAD CORPORATIVA
Nombre de entidad corporativa o nombre de jurisdicción como elemento de entrada Hemeroteca Nacional (España)-
Subdivisión de forma Catálogos.
9 (RLIN) 162896
650 #4 - PUNTO DE ACCESO ADICIONAL DE MATERIA--TÉRMINO DE MATERIA
Término de materia o nombre geográfico como elemento de entrada Publicaciones periódicas-
Subdivisión geográfica España-
Subdivisión de forma Bibliografías.
9 (RLIN) 140171
700 1# - ENTRADA AGREGADA--NOMBRE PERSONAL
Nombre de persona Fernández Pousa, Ramón
9 (RLIN) 50010
852 ## - LOCALIZACIÓN
Ubicación ES-MaACL
Número de control de estantería 1892-F-10
Existencias
Estatus retirado Estado de pérdida Estado de daño No para préstamo Colección Biblioteca de origen Biblioteca actual Ubicación en estantería Fecha de adquisición Fuente de adquisición Total de préstamos Signatura topográfica completa Código de barras Visto por última vez Precio de reemplazo Tipo de ítem Koha
        Colección de folletos Biblioteca del Ateneo de Madrid Biblioteca del Ateneo de Madrid Depósito folletos 17/01/2008     1892-F-10 1066095 23/02/2023 23/02/2023 Folleto